Sports Quiz

Random Sports or MLB Quiz

MLB Single Team Hall of Famers Quiz Stats

 Plays Quiz Updated Jan 24, 2018

Score 0/28 Timer 07:00
1 Play Today
% Correct
Cal Ripken Jr
95.7%
Joe DiMaggio
91.2%
Lou Gehrig
90.8%
Mickey Mantle
90%
Chipper Jones
88.6%
Carl Yastrzemski
88.5%
George Brett
88.2%
Roberto Clemente
87.3%
Ted Williams
86.5%
Sandy Koufax
84.7%
Craig Biggio
84%
Stan Musial
84%
Johnny Bench
83.7%
Barry Larkin
83.3%
% Correct
Kirby Puckett
82.8%
Tony Gwynn
82.7%
Jackie Robinson
79.7%
Brooks Robinson
77.6%
Bob Gibson
75.6%
Robin Yount
73.6%
Jeff Bagwell
70.9%
Alan Trammell
70.1%
Jim Palmer
69.3%
Roy Campanella
60.8%
Don Drysdale
60.5%
Willie Stargell
58.8%
Jim Rice
58.2%
Whitey Ford
57.9%

You're not logged in!

Compare scores with friends on all Sporcle quizzes.
OR
Log In

Show Comments

Extras

Top Quizzes Today


Score Distribution

Your Account Isn't Verified!

In order to create a playlist on Sporcle, you need to verify the email address you used during registration. Go to your Sporcle Settings to finish the process.

Report this User

Report this user for behavior that violates our Community Guidelines.

Details: